000 01407cam a2200133 4500500
005 20260405085601.0
041 _afre
042 _adc
100 1 0 _aPavis, Patrice
_eauthor
245 0 0 _aDictionnaire de la performance et du théâtre contemporain
260 _bArmand Colin,
_c2018.
520 _aLe théâtre se décline à présent sous bien d’autres formes que celle de la représentation scénique d’une action fictive incarnée par des acteurs. Depuis les années 1960 et les défis de la performance, les expériences spectaculaires et performatives se sont multipliées.L’auteur dans ce Dictionnaire de la performance et du théâtre contemporain a choisi quelque 240 termes et notions pour replacer le théâtre et les spectacles dans le contexte des arts et des méthodes d’analyse. Il puise généreusement dans la théorie des médias, l’anthropologie, l’esthétique et la philosophie de l’art.Outil de référence et de formation, à destination des étudiants et des professionnels, cet ouvrage met en valeur des formes artistiques et des méthodes liées aux spectacles dans un monde de plus en plus globalisé. Il est la continuation et l’aboutissement du Dictionnaire du théâtre, traduit en plus d’une vingtaine de langues.
856 4 1 _uhttps://shs.cairn.info/dictionnaire-de-la-performance-et-du-theatre--9782200617271?lang=fr&redirect-ssocas=7080
999 _c2198739
_d2198739